| 000 | 00630nam a22001817a 4500 | ||
|---|---|---|---|
| 003 | OSt | ||
| 005 | 20260115065436.0 | ||
| 008 | 260115b |||||||| |||| 00| 0 eng d | ||
| 020 | _a0-19-521606-7 | ||
| 040 |
_aDWC- Main lib _cOC |
||
| 082 | _aCirc. 332.62 B932 2002 | ||
| 245 | _aBuilding institutions for markets | ||
| 260 |
_aNew York : _bPublished for the World Bank,Oxford University Press, _cc2002 |
||
| 300 |
_axii, 249 pages : _c27 cm. |
||
| 490 |
_aWorld Development Report, _v2002 _x 0163-5085 |
||
| 710 | _aThe World Bank | ||
| 942 |
_2ddc _cBK-CIRC _hCirc. 332.62 B932 2002 _kCirc. _n0 |
||
| 999 |
_c7447 _d7447 |
||